| 000 | 00547nam a22001697a 4500 | ||
|---|---|---|---|
| 005 | 20251108175323.0 | ||
| 008 | 250721s2014 xx 000 0 ara d | ||
| 082 | 1 | 4 | _a956.4/تقر |
| 100 | 1 | _aصالح، محسن محمد | |
| 245 | 1 | 0 | _aالتقرير الاستراتيجي الفلسطيني 2012 -2013 / |
| 264 | 1 |
_aبيروت : _bمركز الزيتونة للدراسات والاستشارات، _c2014. |
|
| 300 | _a360 ص. | ||
| 650 | 1 | 7 | _aتاريخ فلسطين |
| 650 | 1 | 7 | _aالتاريخ |
| 942 |
_2ddc _cBK |
||
| 999 |
_c131374 _d131374 |
||